<?xml version="1.0" encoding="UTF-8"?>
<collection xmlns="http://www.loc.gov/MARC21/slim">
 <record>
  <leader>07003cam a2201357 c 4500</leader>
  <controlfield tag="001">718338413</controlfield>
  <controlfield tag="003">DE-627</controlfield>
  <controlfield tag="005">20260407150840.0</controlfield>
  <controlfield tag="007">tu</controlfield>
  <controlfield tag="008">120627s2012    gw ||||| m    00| ||ger c</controlfield>
  <datafield tag="010" ind1=" " ind2=" ">
   <subfield code="a">  2012510846</subfield>
  </datafield>
  <datafield tag="015" ind1=" " ind2=" ">
   <subfield code="a">12,N26</subfield>
   <subfield code="2">dnb</subfield>
  </datafield>
  <datafield tag="015" ind1=" " ind2=" ">
   <subfield code="a">12,N26</subfield>
   <subfield code="2">dnb</subfield>
  </datafield>
  <datafield tag="016" ind1="7" ind2=" ">
   <subfield code="a">1023574543</subfield>
   <subfield code="2">DE-101</subfield>
  </datafield>
  <datafield tag="020" ind1=" " ind2=" ">
   <subfield code="a">3050058382</subfield>
   <subfield code="q"> : geb.</subfield>
   <subfield code="9">3-05-005838-2</subfield>
  </datafield>
  <datafield tag="020" ind1=" " ind2=" ">
   <subfield code="a">9783050058382</subfield>
   <subfield code="q">Gb. : ca. EUR 128.00 (DE), ca. EUR 131.60 (AT)</subfield>
   <subfield code="9">978-3-05-005838-2</subfield>
  </datafield>
  <datafield tag="024" ind1="3" ind2=" ">
   <subfield code="a">9783050058382</subfield>
  </datafield>
  <datafield tag="035" ind1=" " ind2=" ">
   <subfield code="a">(DE-627)718338413</subfield>
  </datafield>
  <datafield tag="035" ind1=" " ind2=" ">
   <subfield code="a">(DE-603)308377877</subfield>
  </datafield>
  <datafield tag="035" ind1=" " ind2=" ">
   <subfield code="a">(DE-576)368553485</subfield>
  </datafield>
  <datafield tag="035" ind1=" " ind2=" ">
   <subfield code="a">(DE-599)DNB1023574543</subfield>
  </datafield>
  <datafield tag="035" ind1=" " ind2=" ">
   <subfield code="a">(OCoLC)930803535</subfield>
  </datafield>
  <datafield tag="035" ind1=" " ind2=" ">
   <subfield code="a">(OCoLC)930803535</subfield>
  </datafield>
  <datafield tag="035" ind1=" " ind2=" ">
   <subfield code="a">(OCoLC)818598933</subfield>
  </datafield>
  <datafield tag="040" ind1=" " ind2=" ">
   <subfield code="a">DE-627</subfield>
   <subfield code="b">ger</subfield>
   <subfield code="c">DE-627</subfield>
   <subfield code="e">rakwb</subfield>
  </datafield>
  <datafield tag="041" ind1=" " ind2=" ">
   <subfield code="a">ger</subfield>
   <subfield code="a">gmh</subfield>
  </datafield>
  <datafield tag="044" ind1=" " ind2=" ">
   <subfield code="c">XA-DE-BE</subfield>
  </datafield>
  <datafield tag="050" ind1=" " ind2="0">
   <subfield code="a">PT1519.F7</subfield>
  </datafield>
  <datafield tag="072" ind1=" " ind2="7">
   <subfield code="a">LIT000000</subfield>
   <subfield code="2">bisacsh</subfield>
  </datafield>
  <datafield tag="072" ind1=" " ind2="7">
   <subfield code="a">1560</subfield>
   <subfield code="2">wsb</subfield>
  </datafield>
  <datafield tag="072" ind1=" " ind2="7">
   <subfield code="a">9560</subfield>
   <subfield code="2">wsb</subfield>
  </datafield>
  <datafield tag="072" ind1=" " ind2="7">
   <subfield code="a">LIT004170</subfield>
   <subfield code="2">bisacsh</subfield>
  </datafield>
  <datafield tag="072" ind1=" " ind2="7">
   <subfield code="a">TRV026090</subfield>
   <subfield code="2">bisacsh</subfield>
  </datafield>
  <datafield tag="082" ind1="0" ind2=" ">
   <subfield code="a">400</subfield>
   <subfield code="q">BSZ</subfield>
  </datafield>
  <datafield tag="082" ind1="0" ind2=" ">
   <subfield code="a">830</subfield>
  </datafield>
  <datafield tag="082" ind1="0" ind2="4">
   <subfield code="a">830</subfield>
   <subfield code="a">400</subfield>
   <subfield code="q">DNB</subfield>
  </datafield>
  <datafield tag="084" ind1=" " ind2=" ">
   <subfield code="a">400#DNB</subfield>
   <subfield code="2">sdnb</subfield>
  </datafield>
  <datafield tag="084" ind1=" " ind2=" ">
   <subfield code="a">GF 2604</subfield>
   <subfield code="2">rvk</subfield>
   <subfield code="0">(DE-625)rvk/39544:</subfield>
  </datafield>
  <datafield tag="084" ind1=" " ind2=" ">
   <subfield code="a">GF 2614</subfield>
   <subfield code="2">rvk</subfield>
   <subfield code="0">(DE-625)rvk/39552:</subfield>
  </datafield>
  <datafield tag="084" ind1=" " ind2=" ">
   <subfield code="a">GF 7202</subfield>
   <subfield code="2">rvk</subfield>
   <subfield code="0">(DE-625)rvk/39902:11810</subfield>
  </datafield>
  <datafield tag="084" ind1=" " ind2=" ">
   <subfield code="a">17.83</subfield>
   <subfield code="2">bkl</subfield>
  </datafield>
  <datafield tag="084" ind1=" " ind2=" ">
   <subfield code="a">17.75</subfield>
   <subfield code="2">bkl</subfield>
  </datafield>
  <datafield tag="084" ind1=" " ind2=" ">
   <subfield code="a">18.10</subfield>
   <subfield code="2">bkl</subfield>
  </datafield>
  <datafield tag="090" ind1=" " ind2=" ">
   <subfield code="a">a</subfield>
  </datafield>
  <datafield tag="100" ind1="1" ind2=" ">
   <subfield code="a">Wenzel, Franziska</subfield>
   <subfield code="d">1969-</subfield>
   <subfield code="0">(DE-588)121980553</subfield>
   <subfield code="0">(DE-627)081660936</subfield>
   <subfield code="0">(DE-576)182575578</subfield>
   <subfield code="4">aut</subfield>
  </datafield>
  <datafield tag="245" ind1="1" ind2="0">
   <subfield code="a">Meisterschaft im Prozess</subfield>
   <subfield code="b">der Lange Ton Frauenlobs - Texte und Studien ; mit einem Beitrag zu vormoderner Textualität und Autorschaft</subfield>
   <subfield code="c">Franziska Wenzel</subfield>
  </datafield>
  <datafield tag="264" ind1=" " ind2="1">
   <subfield code="a">Berlin</subfield>
   <subfield code="b">Akademie Verl.</subfield>
   <subfield code="c">2012</subfield>
  </datafield>
  <datafield tag="300" ind1=" " ind2=" ">
   <subfield code="a">590 S.</subfield>
   <subfield code="b">graph. Darst.</subfield>
   <subfield code="c">240 mm x 170 mm</subfield>
  </datafield>
  <datafield tag="336" ind1=" " ind2=" ">
   <subfield code="a">Text</subfield>
   <subfield code="b">txt</subfield>
   <subfield code="2">rdacontent</subfield>
  </datafield>
  <datafield tag="337" ind1=" " ind2=" ">
   <subfield code="a">ohne Hilfsmittel zu benutzen</subfield>
   <subfield code="b">n</subfield>
   <subfield code="2">rdamedia</subfield>
  </datafield>
  <datafield tag="338" ind1=" " ind2=" ">
   <subfield code="a">Band</subfield>
   <subfield code="b">nc</subfield>
   <subfield code="2">rdacarrier</subfield>
  </datafield>
  <datafield tag="490" ind1="1" ind2=" ">
   <subfield code="a">Deutsche Literatur</subfield>
   <subfield code="v">10</subfield>
  </datafield>
  <datafield tag="500" ind1=" " ind2=" ">
   <subfield code="a">Literaturverz. S. [563] - 585</subfield>
  </datafield>
  <datafield tag="502" ind1=" " ind2=" ">
   <subfield code="a">Zugl.: München, Univ., Habil.-Schr., 2010 [erm.]</subfield>
  </datafield>
  <datafield tag="505" ind1="8" ind2=" ">
   <subfield code="a">Enth. die Texte auf den S. [344] - 549</subfield>
  </datafield>
  <datafield tag="583" ind1="1" ind2=" ">
   <subfield code="a">Archivierung prüfen</subfield>
   <subfield code="c">20240324</subfield>
   <subfield code="f">DE-4165</subfield>
   <subfield code="z">2</subfield>
   <subfield code="2">pdager</subfield>
  </datafield>
  <datafield tag="600" ind1="1" ind2="0">
   <subfield code="a">Frauenlob</subfield>
   <subfield code="d">-1318</subfield>
   <subfield code="x">Criticism and interpretation</subfield>
  </datafield>
  <datafield tag="600" ind1="1" ind2="0">
   <subfield code="a">Frauenlob</subfield>
   <subfield code="d">-1318</subfield>
   <subfield code="x">Criticism, Textual</subfield>
  </datafield>
  <datafield tag="630" ind1="0" ind2="7">
   <subfield code="0">(DE-588)4135049-2</subfield>
   <subfield code="0">(DE-627)104589094</subfield>
   <subfield code="0">(DE-576)209657456</subfield>
   <subfield code="a">Manessische Handschrift</subfield>
   <subfield code="2">gnd</subfield>
  </datafield>
  <datafield tag="630" ind1="0" ind2="7">
   <subfield code="0">(DE-588)4162730-1</subfield>
   <subfield code="0">(DE-627)104150882</subfield>
   <subfield code="0">(DE-576)209875720</subfield>
   <subfield code="a">Jenaer Liederhandschrift</subfield>
   <subfield code="2">gnd</subfield>
  </datafield>
  <datafield tag="630" ind1="0" ind2="7">
   <subfield code="0">(DE-588)4325436-6</subfield>
   <subfield code="0">(DE-627)128785020</subfield>
   <subfield code="0">(DE-576)211263699</subfield>
   <subfield code="a">Colmarer Liederhandschrift</subfield>
   <subfield code="2">gnd</subfield>
  </datafield>
  <datafield tag="630" ind1="0" ind2="7">
   <subfield code="0">(DE-588)4263093-9</subfield>
   <subfield code="0">(DE-627)104604786</subfield>
   <subfield code="0">(DE-576)210611537</subfield>
   <subfield code="a">Weimarer Liederhandschrift</subfield>
   <subfield code="2">gnd</subfield>
  </datafield>
  <datafield tag="650" ind1=" " ind2="0">
   <subfield code="a">German poetry</subfield>
   <subfield code="y">Middle High German, 1050-1500</subfield>
   <subfield code="x">History and criticism</subfield>
  </datafield>
  <datafield tag="650" ind1=" " ind2="0">
   <subfield code="a">Discourse analysis, Literary</subfield>
   <subfield code="z">Germany</subfield>
   <subfield code="x">History</subfield>
  </datafield>
  <datafield tag="650" ind1=" " ind2="0">
   <subfield code="a">German language</subfield>
   <subfield code="y">Middle High German, 1050-1500</subfield>
   <subfield code="x">Metrics and rhythmics</subfield>
  </datafield>
  <datafield tag="650" ind1=" " ind2="0">
   <subfield code="a">Poetics</subfield>
  </datafield>
  <datafield tag="650" ind1="0" ind2="7">
   <subfield code="0">(DE-588)4046449-0</subfield>
   <subfield code="0">(DE-627)106197959</subfield>
   <subfield code="0">(DE-576)209069651</subfield>
   <subfield code="a">Poetik</subfield>
   <subfield code="2">gnd</subfield>
  </datafield>
  <datafield tag="650" ind1="0" ind2="7">
   <subfield code="0">(DE-588)4056449-6</subfield>
   <subfield code="0">(DE-627)106154745</subfield>
   <subfield code="0">(DE-576)209117702</subfield>
   <subfield code="a">Sprache</subfield>
   <subfield code="2">gnd</subfield>
  </datafield>
  <datafield tag="650" ind1="0" ind2="7">
   <subfield code="0">(DE-588)4193433-7</subfield>
   <subfield code="0">(DE-627)105227099</subfield>
   <subfield code="0">(DE-576)210087412</subfield>
   <subfield code="a">Sangspruch</subfield>
   <subfield code="2">gnd</subfield>
  </datafield>
  <datafield tag="655" ind1=" " ind2="7">
   <subfield code="a">Hochschulschrift</subfield>
   <subfield code="0">(DE-588)4113937-9</subfield>
   <subfield code="0">(DE-627)105825778</subfield>
   <subfield code="0">(DE-576)209480580</subfield>
   <subfield code="2">gnd-content</subfield>
  </datafield>
  <datafield tag="689" ind1="0" ind2="0">
   <subfield code="d">p</subfield>
   <subfield code="0">(DE-588)118535102</subfield>
   <subfield code="0">(DE-627)079335330</subfield>
   <subfield code="0">(DE-576)208923349</subfield>
   <subfield code="a">Heinrich</subfield>
   <subfield code="c">von Meißen</subfield>
   <subfield code="d">1260-1318</subfield>
   <subfield code="2">gnd</subfield>
  </datafield>
  <datafield tag="689" ind1="0" ind2="1">
   <subfield code="d">s</subfield>
   <subfield code="0">(DE-588)4185650-8</subfield>
   <subfield code="0">(DE-627)105285625</subfield>
   <subfield code="0">(DE-576)210033800</subfield>
   <subfield code="a">Ton</subfield>
   <subfield code="g">Metrik</subfield>
   <subfield code="2">gnd</subfield>
  </datafield>
  <datafield tag="689" ind1="0" ind2="2">
   <subfield code="d">s</subfield>
   <subfield code="0">(DE-588)4012112-4</subfield>
   <subfield code="0">(DE-627)104340843</subfield>
   <subfield code="0">(DE-576)208896880</subfield>
   <subfield code="a">Dichtersprache</subfield>
   <subfield code="2">gnd</subfield>
  </datafield>
  <datafield tag="689" ind1="0" ind2=" ">
   <subfield code="5">DE-101</subfield>
  </datafield>
  <datafield tag="689" ind1="1" ind2="0">
   <subfield code="d">p</subfield>
   <subfield code="0">(DE-588)118535102</subfield>
   <subfield code="0">(DE-627)079335330</subfield>
   <subfield code="0">(DE-576)208923349</subfield>
   <subfield code="a">Heinrich</subfield>
   <subfield code="c">von Meißen</subfield>
   <subfield code="d">1260-1318</subfield>
   <subfield code="2">gnd</subfield>
  </datafield>
  <datafield tag="689" ind1="1" ind2="1">
   <subfield code="d">s</subfield>
   <subfield code="0">(DE-588)4185650-8</subfield>
   <subfield code="0">(DE-627)105285625</subfield>
   <subfield code="0">(DE-576)210033800</subfield>
   <subfield code="a">Ton</subfield>
   <subfield code="g">Metrik</subfield>
   <subfield code="2">gnd</subfield>
  </datafield>
  <datafield tag="689" ind1="1" ind2="2">
   <subfield code="d">s</subfield>
   <subfield code="0">(DE-588)4023287-6</subfield>
   <subfield code="0">(DE-627)10457187X</subfield>
   <subfield code="0">(DE-576)208948376</subfield>
   <subfield code="a">Handschrift</subfield>
   <subfield code="2">gnd</subfield>
  </datafield>
  <datafield tag="689" ind1="1" ind2="3">
   <subfield code="d">s</subfield>
   <subfield code="0">(DE-588)4117192-5</subfield>
   <subfield code="0">(DE-627)104297603</subfield>
   <subfield code="0">(DE-576)209507861</subfield>
   <subfield code="a">Textgeschichte</subfield>
   <subfield code="2">gnd</subfield>
  </datafield>
  <datafield tag="689" ind1="1" ind2=" ">
   <subfield code="5">DE-101</subfield>
  </datafield>
  <datafield tag="689" ind1="2" ind2="0">
   <subfield code="d">p</subfield>
   <subfield code="0">(DE-588)118535102</subfield>
   <subfield code="0">(DE-627)079335330</subfield>
   <subfield code="0">(DE-576)208923349</subfield>
   <subfield code="a">Heinrich</subfield>
   <subfield code="c">von Meißen</subfield>
   <subfield code="d">1260-1318</subfield>
   <subfield code="2">gnd</subfield>
  </datafield>
  <datafield tag="689" ind1="2" ind2="1">
   <subfield code="d">s</subfield>
   <subfield code="0">(DE-588)4185650-8</subfield>
   <subfield code="0">(DE-627)105285625</subfield>
   <subfield code="0">(DE-576)210033800</subfield>
   <subfield code="a">Ton</subfield>
   <subfield code="g">Metrik</subfield>
   <subfield code="2">gnd</subfield>
  </datafield>
  <datafield tag="689" ind1="2" ind2="2">
   <subfield code="d">s</subfield>
   <subfield code="0">(DE-588)4056449-6</subfield>
   <subfield code="0">(DE-627)106154745</subfield>
   <subfield code="0">(DE-576)209117702</subfield>
   <subfield code="a">Sprache</subfield>
   <subfield code="2">gnd</subfield>
  </datafield>
  <datafield tag="689" ind1="2" ind2=" ">
   <subfield code="5">(DE-627)</subfield>
  </datafield>
  <datafield tag="700" ind1="0" ind2=" ">
   <subfield code="a">Heinrich</subfield>
   <subfield code="c">von Meißen</subfield>
   <subfield code="d">1260-1318</subfield>
   <subfield code="0">(DE-588)118535102</subfield>
   <subfield code="0">(DE-627)079335330</subfield>
   <subfield code="0">(DE-576)208923349</subfield>
   <subfield code="4">oth</subfield>
  </datafield>
  <datafield tag="751" ind1=" " ind2=" ">
   <subfield code="a">München</subfield>
   <subfield code="0">(DE-588)4127793-4</subfield>
   <subfield code="0">(DE-627)105722073</subfield>
   <subfield code="0">(DE-576)209596570</subfield>
   <subfield code="4">uvp</subfield>
  </datafield>
  <datafield tag="776" ind1="1" ind2=" ">
   <subfield code="z">9783050060620</subfield>
  </datafield>
  <datafield tag="776" ind1="0" ind2="8">
   <subfield code="i">Online-Ausg.</subfield>
   <subfield code="a">Wenzel, Franziska, 1969 - </subfield>
   <subfield code="t">Meisterschaft im Prozess</subfield>
   <subfield code="d">Berlin : Akad.-Verl., 2012</subfield>
   <subfield code="h">Online-Ressource (590 S.)</subfield>
   <subfield code="w">(DE-627)73576753X</subfield>
   <subfield code="z">9783050060620</subfield>
  </datafield>
  <datafield tag="776" ind1="0" ind2="8">
   <subfield code="i">Erscheint auch als</subfield>
   <subfield code="n">Online-Ausgabe</subfield>
   <subfield code="a">Wenzel, Franziska, 1969 - </subfield>
   <subfield code="t">Meisterschaft im Prozess</subfield>
   <subfield code="d">Berlin : Akad.-Verl., 2012</subfield>
   <subfield code="h">Online-Ressource (590 S.)</subfield>
   <subfield code="w">(DE-627)1655782185</subfield>
   <subfield code="w">(DE-576)405046677</subfield>
   <subfield code="z">9783050060620</subfield>
  </datafield>
  <datafield tag="776" ind1="0" ind2="8">
   <subfield code="i">Erscheint auch als</subfield>
   <subfield code="n">Online-Ausgabe</subfield>
   <subfield code="t">Meisterschaft im Prozess</subfield>
   <subfield code="d">Berlin : De Gruyter, 2012</subfield>
   <subfield code="h">Online Ressource (592 pages)</subfield>
   <subfield code="w">(DE-627)1657437345</subfield>
   <subfield code="w">(DE-576)472813129</subfield>
   <subfield code="z">9783050060620</subfield>
   <subfield code="z">305006062X</subfield>
  </datafield>
  <datafield tag="787" ind1="0" ind2="8">
   <subfield code="i">Rezensiert in</subfield>
   <subfield code="w">(DE-603)354846051</subfield>
  </datafield>
  <datafield tag="787" ind1="0" ind2="8">
   <subfield code="i">Rezensiert in</subfield>
   <subfield code="w">(DE-603)363046364</subfield>
  </datafield>
  <datafield tag="787" ind1="0" ind2="8">
   <subfield code="i">Rezensiert in</subfield>
   <subfield code="w">(DE-603)377851752</subfield>
  </datafield>
  <datafield tag="787" ind1="0" ind2="8">
   <subfield code="i">Rezensiert in</subfield>
   <subfield code="w">(DE-603)381457419</subfield>
  </datafield>
  <datafield tag="830" ind1=" " ind2="0">
   <subfield code="a">Deutsche Literatur</subfield>
   <subfield code="v">10</subfield>
   <subfield code="9">10</subfield>
   <subfield code="w">(DE-627)662357949</subfield>
   <subfield code="w">(DE-576)346098475</subfield>
   <subfield code="w">(DE-600)2614328-8</subfield>
   <subfield code="x">2198-932X</subfield>
   <subfield code="7">am</subfield>
  </datafield>
  <datafield tag="856" ind1="4" ind2="2">
   <subfield code="u">http://d-nb.info/1023574543/04</subfield>
   <subfield code="m">B:DE-101</subfield>
   <subfield code="q">application/pdf</subfield>
   <subfield code="v">2013-05-01</subfield>
   <subfield code="x">Verlag</subfield>
   <subfield code="3">Inhaltsverzeichnis</subfield>
   <subfield code="7">1</subfield>
  </datafield>
  <datafield tag="935" ind1=" " ind2=" ">
   <subfield code="i">sf</subfield>
  </datafield>
  <datafield tag="935" ind1=" " ind2=" ">
   <subfield code="i">Blocktest</subfield>
  </datafield>
  <datafield tag="936" ind1="r" ind2="v">
   <subfield code="a">GF 2604</subfield>
   <subfield code="b">Poetik, Metrik</subfield>
   <subfield code="k">Germanistik. Niederlandistik. Skandinavistik</subfield>
   <subfield code="k">Deutsche Literatur</subfield>
   <subfield code="k">Mittelhochdeutsche Klassik</subfield>
   <subfield code="k">Literaturwissenschaft</subfield>
   <subfield code="k">Poetik, Metrik</subfield>
   <subfield code="0">(DE-627)1270869094</subfield>
   <subfield code="0">(DE-625)rvk/39544:</subfield>
   <subfield code="0">(DE-576)200869094</subfield>
  </datafield>
  <datafield tag="936" ind1="r" ind2="v">
   <subfield code="a">GF 2614</subfield>
   <subfield code="b">Literarische Rhetorik</subfield>
   <subfield code="k">Germanistik. Niederlandistik. Skandinavistik</subfield>
   <subfield code="k">Deutsche Literatur</subfield>
   <subfield code="k">Mittelhochdeutsche Klassik</subfield>
   <subfield code="k">Literaturwissenschaft</subfield>
   <subfield code="k">Stilistik (Stilforschung)</subfield>
   <subfield code="k">Literarische Rhetorik</subfield>
   <subfield code="0">(DE-627)1270869167</subfield>
   <subfield code="0">(DE-625)rvk/39552:</subfield>
   <subfield code="0">(DE-576)200869167</subfield>
  </datafield>
  <datafield tag="936" ind1="r" ind2="v">
   <subfield code="a">GF 7202</subfield>
   <subfield code="b">Sekundärliteratur</subfield>
   <subfield code="k">Germanistik. Niederlandistik. Skandinavistik</subfield>
   <subfield code="k">Deutsche Literatur</subfield>
   <subfield code="k">Spätmittelalter</subfield>
   <subfield code="k">Literaturgeschichte und Textsammlungen</subfield>
   <subfield code="k">Einzelne Autoren und Denkmäler</subfield>
   <subfield code="k">Autoren und Denkmäler F</subfield>
   <subfield code="k">Frauenlob</subfield>
   <subfield code="k">Sekundärliteratur</subfield>
   <subfield code="0">(DE-627)1271867885</subfield>
   <subfield code="0">(DE-625)rvk/39902:11810</subfield>
   <subfield code="0">(DE-576)201867885</subfield>
  </datafield>
  <datafield tag="936" ind1="b" ind2="k">
   <subfield code="a">17.83</subfield>
   <subfield code="j">Lyrik</subfield>
   <subfield code="0">(DE-627)181570998</subfield>
  </datafield>
  <datafield tag="936" ind1="b" ind2="k">
   <subfield code="a">17.75</subfield>
   <subfield code="j">Literaturkritik</subfield>
   <subfield code="0">(DE-627)106422162</subfield>
  </datafield>
  <datafield tag="936" ind1="b" ind2="k">
   <subfield code="a">18.10</subfield>
   <subfield code="j">Deutsche Literatur</subfield>
   <subfield code="0">(DE-627)106405047</subfield>
  </datafield>
  <datafield tag="936" ind1="s" ind2="n">
   <subfield code="a">g100</subfield>
   <subfield code="2">mzub</subfield>
  </datafield>
  <datafield tag="951" ind1=" " ind2=" ">
   <subfield code="a">BO</subfield>
  </datafield>
  <datafield tag="990" ind1=" " ind2=" ">
   <subfield code="a">Heinrich &lt;von Meißen&gt; </subfield>
  </datafield>
  <datafield tag="990" ind1=" " ind2=" ">
   <subfield code="a">Ton</subfield>
  </datafield>
  <datafield tag="990" ind1=" " ind2=" ">
   <subfield code="a">Dichtersprache</subfield>
  </datafield>
  <datafield tag="990" ind1=" " ind2=" ">
   <subfield code="a">Heinrich &lt;von Meißen&gt; </subfield>
  </datafield>
  <datafield tag="990" ind1=" " ind2=" ">
   <subfield code="a">Ton</subfield>
  </datafield>
  <datafield tag="990" ind1=" " ind2=" ">
   <subfield code="a">Handschrift</subfield>
  </datafield>
  <datafield tag="990" ind1=" " ind2=" ">
   <subfield code="a">Textgeschichte</subfield>
  </datafield>
  <datafield tag="990" ind1=" " ind2=" ">
   <subfield code="a">Heinrich &lt;von Meißen&gt; </subfield>
  </datafield>
  <datafield tag="990" ind1=" " ind2=" ">
   <subfield code="a">Ton</subfield>
  </datafield>
  <datafield tag="990" ind1=" " ind2=" ">
   <subfield code="a">Sprache</subfield>
  </datafield>
  <datafield tag="999" ind1=" " ind2=" ">
   <subfield code="a">KXP-PPN718338413</subfield>
   <subfield code="e">3212461934</subfield>
  </datafield>
 </record>
</collection>
